书目信息 |
| 题名: |
随机过程论
|
|
| 作者: | 胡迪鹤 著 | |
| 分册: | ||
| 出版信息: | 武汉 武汉大学出版社 2000.4 |
|
| 页数: | 685页 | |
| 开本: | 20cm | |
| 丛书名: | ||
| 单 册: | ||
| 中图分类: | O211.6 | |
| 科图分类: | ||
| 主题词: | 随机过程 | |
| 电子资源: | ||
| ISBN: | 7-307-02943-X | |
| 000 | 00690nam0 2200217 45 | |
| 001 | 0201081447 | |
| 005 | 20051008112843.00 | |
| 010 | @a7-307-02943-X@b精装@dCNY32.00 | |
| 100 | @a20020108d2000 km y0chiy0120 ea | |
| 101 | 0 | @achi |
| 200 | 1 | @a随机过程论@ASui Ji Guo Cheng Lun@e基础、理论、应用@EJi Chu、Li Lun、Ying Yong@f胡迪鹤著@FHu Di He Zhu |
| 210 | @a武汉@c武汉大学出版社@d2000.4 | |
| 215 | @a685页@d20cm | |
| 300 | @a国家教育部专业基金资助课题 | |
| 300 | @a国家自然科学基金资助课题 | |
| 517 | @a基础、理论、应用@AJi Chu、Li Lun、Ying Yong | |
| 606 | 0 | @a随机过程 |
| 690 | @aO211.6@v4 | |
| 701 | 0 | @a胡迪鹤@4著 |
| 801 | @aCN@bTSTC@c20051008 | |
| 905 | @f10@b303412-421@dO211.6@e113 | |
| 随机过程论:基础、理论、应用/胡迪鹤著.-武汉:武汉大学出版社,2000.4 |
| 685页;20cm |
| 国家教育部专业基金资助课题.-国家自然科学基金资助课题 |
| ISBN 7-307-02943-X(精装):CNY32.00 |
| ● |
| 相关链接 |
|
|
|
|
正题名:随机过程论
索取号:O211.6/113
 
预约/预借
| 序号 | 登录号 | 条形码 | 馆藏地/架位号 | 状态 | 备注 |
| 1 | 0303412 | 203034126 | 第三借阅区/ [索取号:O211.6/113] | 在馆 | |
| 2 | 0303413 | 203034135 | 第三借阅区/ [索取号:O211.6/113] | 在馆 | |
| 3 | 0303414 | 203034144 | 第三借阅区/ [索取号:O211.6/113] | 在馆 | |
| 4 | 0303415 | 203034153 | 第三借阅区/ [索取号:O211.6/113] | 在馆 | |
| 5 | 0303416 | 203034162 | 第三借阅区/ [索取号:O211.6/113] | 在馆 | |
| 6 | 0303417 | 203034171 | 第三借阅区/ [索取号:O211.6/113] | 在馆 | |
| 7 | 0303418 | 203034180 | 第三借阅区/ [索取号:O211.6/113] | 在馆 | |
| 8 | 0303419 | 203034199 | 第三借阅区/ [索取号:O211.6/113] | 在馆 | |
| 9 | 0303420 | 203034206 | 第三借阅区/ [索取号:O211.6/113] | 在馆 | |
| 10 | 0303421 | 203034215 | 第二样本阅览室/ [索取号:O211.6/113] | 在馆 | |
| 11 | 0348975 | 203489750 | 第三借阅区/ [索取号:O211.6/113] | 在馆 | |
| 12 | 0348976 | 203489769 | 第三借阅区/ [索取号:O211.6/113] | 在馆 | |
| 13 | 0348977 | 203489778 | 第三借阅区/ [索取号:O211.6/113] | 在馆 | |
| 14 | 0348978 | 203489787 | 第三借阅区/ [索取号:O211.6/113] | 在馆 | |
| 15 | 0348979 | 203489796 | 第三借阅区/ [索取号:O211.6/113] | 在馆 | |
| 16 | 0364657 | 3646576 | 第三借阅区/ [索取号:O211.6/113] | 在馆 | |
| 17 | 0364658 | 3646585 | 第三借阅区/ [索取号:O211.6/113] | 在馆 | |
| 18 | 0364659 | 3646594 | 第三借阅区/ [索取号:O211.6/113] | 在馆 |